|
|
|
|
| LEADER |
00000cam a22000004a 4500 |
| 001 |
musev2_2080 |
| 003 |
MdBmJHUP |
| 005 |
20230905040300.0 |
| 006 |
m o d |
| 007 |
cr||||||||nn|n |
| 008 |
101119s2008 cou o 00 0 eng d |
| 010 |
|
|
|z 2010047209
|
| 020 |
|
|
|a 9781607320654
|
| 020 |
|
|
|z 9781607320647
|
| 035 |
|
|
|a (OCoLC)794702192
|
| 040 |
|
|
|a MdBmJHUP
|c MdBmJHUP
|
| 043 |
|
|
|a n-ust--
|a n-mx---
|
| 050 |
0 |
4 |
|a E78.S7
|b S576 2008
|
| 082 |
0 |
|
|a 979.004/97
|2 22
|
| 245 |
1 |
0 |
|a Movement, Connectivity, and Landscape Change in the Ancient Southwest /
|c edited by Margaret C. Nelson and Colleen Strawhacker.
|
| 264 |
|
1 |
|a Boulder, Colo. :
|b University Press of Colorado,
|c 2008.
|
| 264 |
|
3 |
|a Baltimore, Md. :
|b Project MUSE,
|c 2012
|
| 264 |
|
4 |
|c ©2008.
|
| 300 |
|
|
|a 1 online resource (448 pages):
|b ill., maps ;
|
| 336 |
|
|
|a text
|b txt
|2 rdacontent
|
| 337 |
|
|
|a computer
|b c
|2 rdamedia
|
| 338 |
|
|
|a online resource
|b cr
|2 rdacarrier
|
| 500 |
|
|
|a Symposium hosted by School of Human Evolution and Social Change and held Jan. 17-19, 2008 at Arizona State University.
|
| 504 |
|
|
|a Includes bibliographical references and index.
|
| 588 |
|
|
|a Description based on print version record.
|
| 650 |
|
0 |
|a Nature
|x Effect of human beings on
|x Southwest, New
|x History
|y To 1500
|v Congresses.
|
| 650 |
|
0 |
|a Human ecology
|x Southwest, New
|x History
|y To 1500
|v Congresses.
|
| 650 |
|
0 |
|a Land use
|z Southwest, New
|x History
|y To 1500
|v Congresses.
|
| 650 |
|
0 |
|a Landscape changes
|z Southwest, New
|x History
|y To 1500
|v Congresses.
|
| 650 |
|
0 |
|a Migration, Internal
|z Southwest, New
|x History
|y To 1500
|v Congresses.
|
| 650 |
|
0 |
|a Ethnoarchaeology
|z Southwest, New
|v Congresses.
|
| 650 |
|
0 |
|a Social archaeology
|z Southwest, New
|v Congresses.
|
| 650 |
|
0 |
|a Indians of North America
|z Southwest, New
|x Antiquities
|v Congresses.
|
| 651 |
|
0 |
|a Mexico, North
|x Antiquities
|v Congresses.
|
| 651 |
|
0 |
|a Southwest, New
|x Antiquities
|v Congresses.
|
| 655 |
|
7 |
|a Electronic books.
|2 local
|
| 700 |
1 |
|
|a Strawhacker, Colleen A.
|
| 700 |
1 |
|
|a Nelson, Margaret Cecile,
|d 1951-
|
| 710 |
2 |
|
|a Arizona State University.
|b School of Human Evolution and Social Change.
|
| 710 |
2 |
|
|a Project Muse.
|e distributor
|
| 830 |
|
0 |
|a Book collections on Project MUSE.
|
| 856 |
4 |
0 |
|z Texto completo
|u https://projectmuse.uam.elogim.com/book/2080/
|
| 945 |
|
|
|a Project MUSE - Custom Collection
|
| 945 |
|
|
|a Project MUSE - Archive Complete Foundation
|
| 945 |
|
|
|a Project MUSE - Archive Archaeology and Anthropology Foundation
|